Η κωμωδία με πλάνες
Αποθηκεύτηκε σε:
| Κύριος συγγραφέας: | |
|---|---|
| Άλλοι συγγραφείς: | , |
| Μορφή: | Βιβλίο |
| Γλώσσα: | Greek English |
| Δημοσίευση: |
Αθήνα :
Επικαιρότητα,
1989.
|
| Σειρά: | Άπαντα Σαίξπηρ (Επικαιρότητα)
|
| Θέματα: | |
| Ετικέτες: |
Προσθήκη ετικέτας
Δεν υπάρχουν, Καταχωρήστε ετικέτα πρώτοι!
|
MARC
| LEADER | 00000cam a2200000 i 4500 | ||
|---|---|---|---|
| 001 | 1/23543 | ||
| 008 | 980519s1989 gr | ||| |||| ||gre|| | ||
| 020 | |a 9602050594 | ||
| 035 | |l 10036875 | ||
| 040 | |a GR-MY-UA |b gre |e aacr | ||
| 041 | 1 | |a gre |h eng | |
| 082 | 7 | |a 822.33 |2 (23) | |
| 100 | 1 | |a Shakespeare, William, |d 1564-1616. | |
| 245 | 1 | 2 | |a Η κωμωδία με πλάνες / |c Ουίλλιαμ Σαίξπηρ ; μετάφραση Βασίλη Ρώτα, Βούλας Δαμιανάκου. |
| 260 | |a Αθήνα : |b Επικαιρότητα, |c 1989. | ||
| 300 | |a 94 σ. ; |c 17 εκ. | ||
| 490 | 1 | |a (Άπαντα Σαίξπηρ / Επικαιρότητα) | |
| 500 | |a Τίτλος πρωτοτύπου: The comedy of errors. | ||
| 650 | 0 | |a English drama. | |
| 700 | 1 | |a Δαμιανάκου, Βούλα, |d 1914-2016, |e trlf | |
| 700 | 1 | |a Ρώτας, Βασίλης, |d 1889-1977, |e trl | |
| 830 | 0 | |a Άπαντα Σαίξπηρ (Επικαιρότητα) | |
| 852 | |a INST |b RHODES |e 19980519 |h 822.33 SHA |p 005400006399 |q 005400006399 |t BK |y 0 | ||
| 852 | |a INST |b SYROS |e 20151009 |h 822.33 SHA |p 005500011979 |q 005500011979 |t BK |y 0 | ||
| 901 | |a BIBL-1998-2 | ||
| 922 | |a 4ΕΛΗ |b 199802 |c ΚΠΣ/Ν |d EMVASIS | ||